| 000 | 00455 a2200157 4500 | ||
|---|---|---|---|
| 001 | 70758 | ||
| 020 | _a8524031034 | ||
| 040 | _cAnchieta - Itaigara | ||
| 100 | _aInstituto Brasileiro de Geografia e Estatística - IBGE | ||
| 240 | 1 | 0 |
_aAtlas geográfico escolar _lpor |
| 245 | 1 | 0 | _aAtlas geográfico escolar |
| 300 | _a205 | ||
| 362 | 0 | _a2004 | |
| 650 | 4 | _aRepresentações gráficas da superficie da terra e do mundo extraterrestre.Atlas | |
| 942 | _cBK | ||
| 999 |
_c70758 _d70758 |
||